¿Quién se ha llevado mi queso? : una manera sorprendente de afrontar el cambio en el trabajo y en la vida privada /
Guardado en:
| Autor Principal: | |
|---|---|
| Formato: | Libro |
| Idioma: | Spanish English |
| Publicado: |
Barcelona :
Ediciones Urano,
2000.
|
| Series: | Colección Empresa XXI.
|
| Materias: | |
| Etiquetas: |
Agregar Etiqueta
Sin Etiquetas, Sea el primero en etiquetar este registro!
|
| LEADER | 00960nam a22002535 4500 | ||
|---|---|---|---|
| 001 | EAD.ead003111 | ||
| 008 | 080718s2000####xxua##########000#0#spa#d | ||
| 005 | 20171212124821.0 | ||
| 245 | 1 | 1 | |a ¿Quién se ha llevado mi queso? : |b una manera sorprendente de afrontar el cambio en el trabajo y en la vida privada / |c Spencer Johnson. |
| 260 | |a Barcelona : |b Ediciones Urano, |c 2000. | ||
| 300 | |a 106 p. : |b il. ; |c 22 cm. | ||
| 490 | 1 | |a Empresa XXI | |
| 500 | |a "Cómo adaptarnos a un mundo de constante cambio. -- 22a. ed."--Tapa. | ||
| 500 | |a Traducción de: Who moved my cheese? | ||
| 500 | |a "Un cursillo rápido de adaptación al cambio"--Contratapa. | ||
| 020 | |a 8479534451 | ||
| 100 | 1 | |a Johnson, Spencer. | |
| 830 | 0 | |a Colección Empresa XXI. | |
| 082 | 0 | 4 | |a 658.406 |2 21 |
| 650 | 7 | |a Cambio organizacional. |2 unbist | |
| 653 | |a Novela | ||
| 653 | |a Lectura recreativa | ||
| 041 | 1 | |a spa |h eng | |
| 859 | |a AR-BaBDC |b BIB. ADMINISTRACION - Libros |h 658.406 |i J637 |p b04627 | ||
